000
00188nam a22000857a 4500
001
1236357
005
20251001163940.0
245
_a
SON KARA KEDİ
_c
EVGENE TRIVIZAS
260
_b
ALTIN KİTAPLAR
999
_c
1236357
_d
1236357